| 000 | 00912 a2200217 4500 | ||
|---|---|---|---|
| 005 | 20080820093456.0 | ||
| 010 | _aENG-84751 | ||
| 020 |
_a. _c500.00 |
||
| 035 | _aEN-68284 | ||
| 035 | _aG-001507 | ||
| 037 | _aDBAD / PUB | ||
| 082 | _a230.42 | ||
| 100 |
_aSushil Kumar _934875 |
||
| 245 |
_aIssyoga _bgod realization and attainment of Bliss _cSushil Kumar |
||
| 260 |
_aPatna _bIssyoga _c2003. |
||
| 270 |
_aB-108, Kankarbagh Housing Colony, _bPatna _cBihar _e800020 |
||
| 300 |
_a477p _c22 cm. (Hb) |
||
| 942 |
_adpl _cEN _k230.42 / SUS _2ddc _h230.42 _mSUS |
||
| 999 |
_c294 _d294 |
||